| 000 | 00516pab a2200157 454500 | ||
|---|---|---|---|
| 008 | 180718b xxu||||| |||| 00| 0 eng d | ||
| 100 | _aAmacher Gregory S. | ||
| 245 | _aJoint production and consumption in traditional households: fuelwood and crop residues in two districts in Nepal | ||
| 362 | _a30(1), Oct 1993, p.206-25 | ||
| 650 | _a Deforestation -- Nepal | ||
| 650 | _aForests -- Nepal | ||
| 700 | _aJoshee Bharat R. | ||
| 700 | _aHyde William F. | ||
| 773 | _aJournal of Development Studies | ||
| 909 | _a26762 | ||
| 999 |
_c26762 _d26762 |
||